| 000 | 00820cam a2200229 u 4500 | ||
|---|---|---|---|
| 003 | MX-MxUPN | ||
| 005 | 20250821121258.0 | ||
| 008 | 190402s1994 fr 100 0 spa d | ||
| 035 | _aUPN01000229953 | ||
| 040 |
_aMX-MxUPN _bspa |
||
| 050 | 4 |
_aF1219.3 E3 _bE53 1994 |
|
| 111 | 2 |
_950020 _aEncuentro nacional de educación indígena _n(1° : _d1994 : _cMéxico, D.F.) |
|
| 245 | 1 | 0 | _a1er. Encuentro Nacional de Educación Indígena |
| 260 |
_aMéxico : _bSindicato Nacional de Trabajadores de la Educación, _c1995 |
||
| 300 | _a219 páginas | ||
| 650 | 4 |
_950021 _aIndígenas de México _xEducación _vCongresos |
|
| 710 | 2 |
_aSindicato Nacional de Trabajadores de la Educación (México) _eedición _930014 |
|
| 902 | _bVíctorGodínez/190923 | ||
| 905 | _aLibro | ||
| 942 |
_2lcc _cLIBRO |
||
| 999 |
_c202048 _d202048 |
||